[Event "GER-ch Seniors-B 17th"]
[Site "Essen"]
[Date "2005.08.28"]
[Round "9"]
[White "Hock, Dieter"]
[Black "Vogel, Gerhard1111"]
[Result "1/2-1/2"]
[WhiteElo "1479"]
[BlackElo "1295"]
[PlyCount "44"]
[EventDate "2005.08.20"]
[EventType "swiss"]
[EventRounds "9"]
[EventCountry "GER"]
[SourceTitle "CBM 108 Extra"]
[Source "ChessBase"]
[SourceDate "2005.11.04"]
[SourceVersion "1"]
[SourceVersionDate "2005.11.04"]
[SourceQuality "1"]

1. d4 Nf6 2. c4 g6 3. Nf3 Bg7 4. Nc3 0-0 5. e3 d6 6. Be2 Nbd7 7. 0-0 c6 8. a4 a6 9. Bd2 Kh8 10. Rc1 Qc7 11. b4 Qd8 12. b5 axb5 13. cxb5 c5 14. dxc5 Nxc5 15. Nd4 Nfe4 16. Nxe4 Nxe4 17. Bc3 e5 18. Nf3 f5 19. a5 Nxc3 20. Rxc3 Rxa5 21. Rb3 b6 22. Qd5 Bf6 1/2-1/2

[Event "Essen op04"]
[Site "Essen"]
[Date "2005.04.13"]
[Round "6"]
[White "Hock, Dieter"]
[Black "Streier, Wilhelm"]
[Result "0-1"]
[WhiteElo "1468"]
[BlackElo "1455"]
[PlyCount "82"]
[EventDate "2005.04.04"]
[EventType "swiss"]
[EventRounds "9"]
[EventCountry "GER"]
[SourceTitle "EXT 2007"]
[Source "ChessBase"]
[SourceDate "2006.11.23"]
[SourceVersion "1"]
[SourceVersionDate "2006.11.23"]
[SourceQuality "1"]

1. d4 Nf6 2. c4 e6 3. Nc3 c5 4. Nf3 cxd4 5. Nxd4 Bb4 6. Bg5 0-0 7. e3 Bxc3+ 8. bxc3 b6 9. Be2 Bb7 10. 0-0 h6 11. Bh4 d6 12. Bf3 Bxf3 13. Qxf3 Nbd7 14. Nc6 Qc7 15. Rfd1 Kh8 16. Bg3 e5 17. Rd2 e4 18. Bxd6 Qxc6 19. Qe2 Rfe8 20. Rad1 Nc5 21. Bf4 Nd3 22. Bg3 Rad8 23. Bh4 Rd6 24. g4 g5 25. Bg3 Rd7 26. h4 Qxc4 27. hxg5 hxg5 28. f4 exf3 29. Qxf3 Qxc3 30. Rh2+ Kg7 31. Qf5 Qc5 32. Rf1 Qxf5 33. Rxf5 Kg6 34. Re2 Nxg4 35. e4 Nde5 36. Bxe5 Rxe5 37. Rf3 Nf6 38. Rfe3 Rd4 39. Kf2 Rdxe4 40. Rxe4 Rxe4 41. Rc2 Ra4 0-1

[Event "Essen op04"]
[Site "Essen"]
[Date "2005.04.04"]
[Round "1"]
[White "Hock, Dieter"]
[Black "Vossen, Leo"]
[Result "1/2-1/2"]
[WhiteElo "1468"]
[BlackElo "1823"]
[PlyCount "71"]
[EventDate "2005.04.04"]
[EventType "swiss"]
[EventRounds "9"]
[EventCountry "GER"]
[SourceTitle "EXT 2007"]
[Source "ChessBase"]
[SourceDate "2006.11.23"]
[SourceVersion "1"]
[SourceVersionDate "2006.11.23"]
[SourceQuality "1"]

1. d4 Nf6 2. c4 g6 3. Nc3 d5 4. e3 Bg7 5. Nf3 0-0 6. cxd5 Nxd5 7. Bd2 c6 8. Be2 Nd7 9. Nxd5 cxd5 10. 0-0 e5 11. dxe5 Nxe5 12. Nd4 Nc6 13. Bc3 Qb6 14. Bf3 Nxd4 15. Bxd4 Bxd4 16. Qxd4 Qxd4 17. exd4 Be6 18. Rac1 Rac8 19. Rc3 Rxc3 20. bxc3 Rc8 21. Rc1 b5 22. a3 a5 23. Be2 b4 24. axb4 axb4 25. Kf1 bxc3 26. Bd3 f5 27. Ke2 Kg7 28. Ke3 Kf6 29. f4 h6 30. h4 g5 31. hxg5+ hxg5 32. g3 Bf7 33. Bb1 gxf4+ 34. gxf4 Re8+ 35. Kf2 Rb8 36. Ke3 1/2-1/2

[Event "Ruhrgebiet-ch Seniors 11th"]
[Site "Essen"]
[Date "2004.03.22"]
[Round "7"]
[White "Hock, Dieter"]
[Black "Mader, Josef"]
[Result "1/2-1/2"]
[WhiteElo "1474"]
[BlackElo "1544"]
[PlyCount "102"]
[EventDate "2004.03.08"]
[EventType "swiss"]
[EventRounds "9"]
[EventCountry "GER"]
[SourceTitle "EXT 2006"]
[Source "ChessBase"]
[SourceDate "2005.11.24"]
[SourceVersion "1"]
[SourceVersionDate "2005.11.24"]
[SourceQuality "1"]

1. d4 d5 2. c4 e6 3. Nf3 Nf6 4. Bg5 Be7 5. cxd5 exd5 6. e3 c6 7. Nc3 h6 8. Bxf6 Bxf6 9. Be2 0-0 10. 0-0 Bf5 11. Rc1 Nd7 12. a3 Be7 13. Bd3 Bg4 14. h3 Bh5 15. Be2 Bg6 16. b4 a6 17. Na4 b5 18. Nc5 Nxc5 19. dxc5 Qc7 20. Nd4 a5 21. Ra1 a4 22. Bg4 Bf6 23. Rc1 Rae8 24. Re1 Re7 25. Bf3 Rfe8 26. Bg4 h5 27. Bf3 h4 28. Ra1 Be5 29. Ra2 Qd7 30. Bg4 f5 31. Bf3 Bb8 32. Rae2 Qc7 33. Rb2 f4 34. Qd2 fxe3 35. Rxe3 Qh2+ 36. Kf1 Rxe3 37. fxe3 Be5 38. Ke2 Qg1 39. Qd1 Qxd1+ 40. Kxd1 Bf6 41. Re2 Bd3 42. Rd2 Rxe3 43. Nxc6 Bc4 44. Bxd5+ Bxd5 45. Rxd5 Rxa3 46. Na7 Rb3 47. Nxb5 Rxb4 48. c6 Rc4 49. c7 Kh7 50. Rd7 Be5 51. Re7 Bg3 1/2-1/2

[Event "Ruhrgebiet-ch Seniors 11th"]
[Site "Essen"]
[Date "2004.03.09"]
[Round "2"]
[White "Hock, Dieter"]
[Black "Liszka, Guenter"]
[Result "0-1"]
[WhiteElo "1474"]
[BlackElo "1745"]
[PlyCount "31"]
[EventDate "2004.03.08"]
[EventType "swiss"]
[EventRounds "9"]
[EventCountry "GER"]
[SourceTitle "EXT 2006"]
[Source "ChessBase"]
[SourceDate "2005.11.24"]
[SourceVersion "1"]
[SourceVersionDate "2005.11.24"]
[SourceQuality "1"]

1. d4 d5 2. c4 e6 3. Nf3 Nf6 4. Bg5 Nbd7 5. cxd5 exd5 6. e3 c6 7. Nc3 Qa5 8. a3 Bd6 9. Rc1 0-0 10. Be2 Ne4 11. 0-0 Nxg5 12. Nxg5 Qd8 13. Nf3 Nf6 14. h3 Re8 15. Re1 Ne4 16. Kh1 0-1

[Event "Ruhrgebiet-ch Seniors 11th"]
[Site "Essen"]
[Date "2004.03.08"]
[Round "1"]
[White "Orth, Roman"]
[Black "Hock, Dieter"]
[Result "1-0"]
[WhiteElo "1887"]
[BlackElo "1474"]
[PlyCount "51"]
[EventDate "2004.03.08"]
[EventType "swiss"]
[EventRounds "9"]
[EventCountry "GER"]
[SourceTitle "EXT 2006"]
[Source "ChessBase"]
[SourceDate "2005.11.24"]
[SourceVersion "1"]
[SourceVersionDate "2005.11.24"]
[SourceQuality "1"]

1. e4 c5 2. Nc3 d6 3. g3 Nf6 4. Bg2 Nc6 5. d3 e6 6. Be3 a6 7. h3 Be7 8. f4 Qc7 9. Nf3 0-0 10. 0-0 Rd8 11. Ne2 h6 12. Qd2 Rb8 13. g4 Nh7 14. Ng3 b5 15. g5 hxg5 16. fxg5 d5 17. Qf2 d4 18. Bd2 Bd6 19. Nh5 Bb7 20. Rae1 g6 21. e5 gxh5 22. exd6 Qxd6 23. Qh4 Rd7 24. Bf4 e5 25. Nxe5 Nxe5 26. Bxe5 1-0